00749nam a2200169 i 4500001000700000003000900007005001700016007000300033008004100036110007700077245018500154260004600339300003900385651006200424711007200486852002100558104611ES-MaACL20230906183640.0t|051202s1982 sp a |||| | spa d1 aEspaña. bDirección General de Bellas Artes, Archivos y Bibliotecas.10aCántrabos, astures y galaicos b: Bimilenario de la conquista romana del norte de Hispania / cMinisterio de Cultura, Dirección General de Bellas Artes, Archivos y Bibliotecas. aMadrid : bMinisterio de Cultura, c1982. a96 p. : bil. col. y n. ; c24 cm. 4aEspaña-xHistoria-yHasta 218 a.C., Época prerromana.2 aBimilenario de la conquista romana del norte de Hispania (cMadrid) aES-MaACLjL-3823